000 01014nam a22003017a 4500
001 7189
003 FISKH
005 20250702085842.0
008 250702b cb ||||| |||| 00| 0 eng d
020 _a9780842341226
040 _aFISKH
_beng
_cFISKH
_dFISKH
050 _aPZ7.M98234 I
082 _a 813.54
100 _aMyers, Bill
_d(1953-)
245 _aThe new adventures Mcgee and me :
_bIn the Nick of time /
_cBill Myers and Robert West
250 _aThis edition first published in 1992
260 _aCalifornia :
_bTynadale House.
_c1992
300 _a83 pages :
_c20 cm
505 _aN
520 _aWhile mountain climbing with his father and friends in California, seventh grader Nick calls on God to help him deal with various fears and dangers.
521 8 _a590
_bLexile
521 8 _aN
_bRaz-Plus
650 _2Children's fiction
_aMountaineering
650 _2 Elementary Fiction
_aMcGee and Me
700 _aWest, Robert
_dillustrator
942 _2ddc
_cBK
_n0
999 _c7189
_d7189